|
|
|
|
| LEADER |
01260nam a2200289 u 4500 |
| 001 |
10116678 |
| 003 |
upatras |
| 005 |
20250227063436.0 |
| 008 |
150625m1972 us eng |
| 020 |
|
|
|a 0821814605
|q ((τ.10))
|
| 040 |
|
|
|a GR-PaULI
|c GR-PaULI
|
| 041 |
0 |
|
|a eng
|
| 082 |
0 |
4 |
|a 519.5
|
| 110 |
|
0 |
|a Institute of Mathematical Statistics
|9 24891
|
| 245 |
1 |
0 |
|a Selected translations in mathematical statistics and probability
|c Institute of Mathematical Statistics; American Mathematical Society
|
| 260 |
|
|
|a Providence
|b American Mathematical Society for Institute of Mathematical Statistics
|c 1972
|
| 300 |
|
|
|a 10 τ.
|c 26 εκ.
|
| 504 |
|
|
|a Περιέχει βιβλιογραφία
|
| 505 |
1 |
|
|a τ.10. - vi, 314 σ. - 1972 --
|
| 650 |
|
0 |
|a Μαθηματική στατιστική
|9 2837
|
| 650 |
|
4 |
|a Πιθανότητες
|9 199
|
| 710 |
2 |
|
|a American Mathematical Society
|9 24571
|
| 852 |
|
|
|a GR-PaULI
|b ΠΑΤΡΑ
|b ΒΚΠ
|b ΒΣ1
|k ΑΣΧΞ
|h 519.5 INS
|m 124770
|p 025000041556
|t 1
|3 v.10
|
| 942 |
|
|
|2 ddc
|c BK15
|
| 952 |
|
|
|0 0
|1 0
|3 v.10
|4 0
|6 519_500000000000000_INS
|7 0
|9 180700
|a LISP
|b LISP
|c BSC
|d 2016-04-24
|i 124770
|l 0
|o 519.5 INS
|p 025000041556
|r 2016-04-24 00:00:00
|t 1
|w 2016-04-24
|y BK15
|
| 998 |
|
|
|c ΜΠΟΥΡΑΣ
|d 2015-06
|
| 999 |
|
|
|c 111717
|d 111717
|